[Event "Buenos Aires Ramos Memorial"]
[Site "Buenos Aires"]
[Date "2024.03.29"]
[Round "1"]
[White "Ojeda, Gaston Exequiel"]
[Black "Nadjarian, Osvaldo"]
[Result "0-1"]
[WhiteElo "1692"]
[BlackElo "1981"]
[PlyCount "76"]
[EventDate "2024.03.29"]
[EventType "swiss"]
[EventRounds "6"]
[EventCountry "ARG"]
[SourceTitle "CB14_2024"]
[SourceDate "2024.04.01"]
[SourceVersion "1"]
[SourceVersionDate "2024.04.01"]
[SourceQuality "1"]

1. e4 e5 2. Nf3 Nc6 3. Bb5 a6 4. Bc4 Be7 5. Nc3 Nf6 6. d3 h6 7. a3 d6 8. h3 0-0 9. 0-0 Re8 10. Be3 Bf8 11. Ne2 d5 12. exd5 Nxd5 13. Bd2 Be6 14. Ng3 g6 15. Re1 Bg7 16. Qc1 Kh7 17. Ne4 Qe7 18. b4 b5 19. Bb3 Rad8 20. Rb1 f5 21. Nc5 Bc8 22. c4 Nb6 23. cxb5 axb5 24. Qc2 Qd6 25. Bg5 Ne7 26. Rbd1 Nbd5 27. Bc1 Nc6 28. Bb2 Nd4 29. Nxd4 exd4 30. Ba2 Nc3 31. Bxc3 dxc3 32. Bb3 Bd4 33. Rxe8 Rxe8 34. Rc1 Qf4 35. Rf1 h5 36. Bd5 h4 37. Bf3 Be5 38. g3 Qxf3 0-1